MARC

LEADER 00000nam0a2200000 4500
001 203838
005 20231031185921.0
010 |a 5279005258 
020 |a RU  |b 91-18969 
035 |a (RuTPU)RU\TPU\book\222141 
090 |a 203838 
100 |a 20111111d1991 km y0rusy5003 ca 
101 0 |a rus 
102 |a RU 
105 |a a z 001zy 
200 1 |a В защиту среды обитания  |f А. И. Краковский, С. П. Мукасьян, Г. И. Романова 
210 |a Москва  |c Финансы и статистика  |d 1991 
215 |a 176 с.  |c ил. 
225 1 |a Социальная статистика 
320 |a Библиогр.: с. 169-171 (34 назв.). 
610 1 |a охрана окружающей сред 
610 1 |a статистические методы 
610 1 |a среда обитания 
610 1 |a статистика 
610 1 |a экологическая статистика 
610 1 |a природные ресурсы 
610 1 |a статистический анализ 
610 1 |a статистическая оценка 
675 |a 504.064  |z rus 
700 1 |a Краковский  |b А. И.  |g Альберт Иосифович  |4 070 
701 1 |a Мукасьян  |b С. П.  |g Сергей Папчанович 
701 1 |a Романова  |b Г. И.  |g Галина Исааковна 
801 0 |a RU  |b RuMRKP  |c 19950417  |g psbo 
801 1 |a RU  |b 63413507  |c 20111111 
801 2 |a RU  |b 63413507  |c 20180609  |g RCR 
942 |c BK